000 00338nam a2200145Ia 4500
005 20251222152005.0
008 251222s9999||||xx |||||||||||||| ||spa||
020 _a8484762467
082 _a631.671/O41/Ej.2
100 _aOlalla Mañas, F.
245 0 _aAgua y Agronomía
250 _a1ra.ed.
264 _bMundi-Prensa
942 _cLIB
999 _c24692
_d24692